[Event "IBCA World Cup 5th"]
[Site "Eretria"]
[Date "2005.07.17"]
[Round "5.4"]
[White "Lindenmair, Anton"]
[Black "Gunajew, Rafal"]
[Result "0-1"]
[WhiteElo "2113"]
[BlackElo "2172"]
[PlyCount "140"]
[EventDate "2005.07.13"]
[EventType "team"]
[EventRounds "8"]
[EventCountry "GRE"]
[SourceTitle "EXT 2006"]
[Source "ChessBase"]
[SourceDate "2005.11.24"]
[SourceVersion "1"]
[SourceVersionDate "2005.11.24"]
[SourceQuality "1"]

1. d4 c5 2. d5 e5 3. c4 d6 4. e4 Be7 5. Nf3 Bg4 6. Be2 Bxf3 7. Bxf3 Bg5 8. 0-0 Bxc1 9. Qxc1 Ne7 10. Bd1 0-0 11. f4 exf4 12. Qxf4 Ng6 13. Qg3 Qe7 14. Nd2 Nd7 15. Bh5 Nge5 16. Rf2 a6 17. Be2 Rab8 18. a4 b6 19. Raf1 Ng6 20. Bh5 Nde5 21. Bxg6 Nxg6 22. b3 b5 23. axb5 axb5 24. cxb5 Ne5 25. Nc4 Rxb5 26. Nxe5 Qxe5 27. Qxe5 dxe5 28. Rc2 Rxb3 29. Rxc5 Rb4 30. d6 Rxe4 31. Rd1 Rd8 32. Ra1 g6 33. Raa5 Rxd6 34. Rxe5 Rxe5 35. Rxe5 Rd2 36. h4 h6 37. Kh2 Kg7 38. Kh3 Rf2 39. Ra5 Rf5 40. Ra6 g5 41. hxg5 hxg5 42. g4 Rd5 43. Kg3 Rd3+ 44. Kg2 f6 45. Ra7+ Kf8 46. Rb7 Ke8 47. Ra7 Rd7 48. Ra8+ Ke7 49. Kf3 Kf7 50. Ra6 Rd3+ 51. Kf2 Ke7 52. Rb6 Rd6 53. Rb7+ Ke6 54. Ke3 Rc6 55. Ra7 Rc4 56. Kf3 Rc3+ 57. Kf2 Rd3 58. Ra6+ Ke5 59. Rb6 Kf4 60. Rxf6+ Kxg4 61. Rf8 Rd2+ 62. Kf1 Kg3 63. Rg8 g4 64. Rh8 Ra2 65. Rh7 Ra1+ 66. Ke2 Kg2 67. Rg7 g3 68. Re7 Ra5 69. Re8 Rh5 70. Re7 Kh1 0-1

[Event "IBCA World Cup 5th"]
[Site "Eretria"]
[Date "2005.07.13"]
[Round "1.4"]
[White "Lindenmair, Anton"]
[Black "Avram, Veso"]
[Result "0-1"]
[WhiteElo "2113"]
[BlackElo "2154"]
[PlyCount "134"]
[EventDate "2005.07.13"]
[EventType "team"]
[EventRounds "8"]
[EventCountry "GRE"]
[SourceTitle "EXT 2006"]
[Source "ChessBase"]
[SourceDate "2005.11.24"]
[SourceVersion "1"]
[SourceVersionDate "2005.11.24"]
[SourceQuality "1"]

1. d4 d5 2. c4 e6 3. g3 Nf6 4. Bg2 Be7 5. Nf3 0-0 6. 0-0 dxc4 7. Qa4 Bd7 8. Qxc4 Bc6 9. Nc3 Nbd7 10. Re1 Nb6 11. Qd3 Bxf3 12. Bxf3 c6 13. Rd1 Qd7 14. e4 Rfd8 15. Be3 Rac8 16. Qe2 Qe8 17. a4 Nbd7 18. Bg2 a6 19. Rd2 Bb4 20. Rdd1 e5 21. Qc4 Qe7 22. Na2 Bd6 23. Nc3 exd4 24. Bxd4 Be5 25. Qe2 Bxd4 26. Rxd4 Ne5 27. Rad1 Rxd4 28. Rxd4 Rd8 29. Qd1 Rxd4 30. Qxd4 Ned7 31. f4 Qc5 32. Qxc5 Nxc5 33. e5 Nfd7 34. b4 Nd3 35. b5 cxb5 36. axb5 N7c5 37. bxa6 bxa6 38. Kf1 a5 39. Bc6 Nb4 40. Bb5 Kf8 41. Ke2 Ke7 42. Ke3 Nc2+ 43. Kd2 Nd4 44. Ke3 Nf5+ 45. Kd2 h5 46. Nd5+ Kf8 47. Nb6 Ne4+ 48. Ke1 Nd4 49. Be2 g6 50. Bd1 Nc5 51. Na4 Nxa4 52. Bxa4 Nf3+ 53. Ke2 Nxh2 54. Bb3 Ke7 55. Ba4 Ng4 56. Kf3 Nh6 57. Bb3 Nf5 58. Ba4 Nd4+ 59. Ke3 Ne6 60. Kf3 Nc5 61. Bb5 a4 62. g4 a3 63. Bc4 hxg4+ 64. Kxg4 Nd3 65. Kg5 Nc1 66. f5 gxf5 67. Kxf5 a2 0-1

[Event "Uekermann Memorial 7th"]
[Site "Bad Meinberg"]
[Date "2003.11.22"]
[Round "3.2"]
[White "Lindenmair, Anton"]
[Black "Gaertner, Frank"]
[Result "1/2-1/2"]
[WhiteElo "1998"]
[BlackElo "1893"]
[PlyCount "62"]
[EventDate "2003.11.20"]
[EventType "team"]
[EventRounds "3"]
[EventCountry "GER"]
[SourceTitle "CBM 097 Extra"]
[Source "ChessBase"]
[SourceDate "2004.01.13"]
[SourceVersion "1"]
[SourceVersionDate "2004.01.13"]
[SourceQuality "1"]
[WhiteTeam "DBSB"]
[BlackTeam "IBCA"]
[WhiteTeamCountry "GER"]

1. d4 d5 2. c4 e6 3. Nf3 c5 4. cxd5 exd5 5. g3 Nc6 6. Bg2 Nf6 7. 0-0 Be7 8. Nc3 0-0 9. dxc5 Bxc5 10. Na4 Be7 11. Be3 Bg4 12. Rc1 Ne4 13. Nc5 Nxc5 14. Bxc5 Bxc5 15. Rxc5 Be6 16. a3 Qf6 17. b4 a6 18. e3 Rac8 19. Qd2 b6 20. Rc3 Rfd8 21. Rfc1 Ne7 22. Qd4 Rxc3 23. Rxc3 Qxd4 24. Nxd4 Rc8 25. Rxc8+ Bxc8 26. Kf1 Kf8 27. Ke2 Ke8 28. Kd3 Kd7 29. Bh3+ Kc7 30. Bxc8 Kxc8 31. Nf3 f6 1/2-1/2

[Event "Uekermann Memorial 7th"]
[Site "Bad Meinberg"]
[Date "2003.11.20"]
[Round "1.2"]
[White "Lindenmair, Anton"]
[Black "Engl, Heinz"]
[Result "1/2-1/2"]
[WhiteElo "1998"]
[BlackElo "1920"]
[PlyCount "36"]
[EventDate "2003.11.20"]
[EventType "team"]
[EventRounds "3"]
[EventCountry "GER"]
[SourceTitle "CBM 097 Extra"]
[Source "ChessBase"]
[SourceDate "2004.01.13"]
[SourceVersion "1"]
[SourceVersionDate "2004.01.13"]
[SourceQuality "1"]
[WhiteTeam "DBSB"]
[BlackTeam "DBCB II"]
[WhiteTeamCountry "GER"]
[BlackTeamCountry "GER"]

1. d4 d5 2. c4 e6 3. Nf3 Be7 4. g3 Nf6 5. Bg2 0-0 6. 0-0 c5 7. cxd5 exd5 8. Nc3 Nc6 9. dxc5 Bxc5 10. Na4 Be7 11. Be3 Ne4 12. Rc1 Re8 13. Nc5 Nxc5 14. Bxc5 Bf6 15. Qd2 Bg4 16. e3 Qd7 17. Bd4 Nxd4 18. Nxd4 Rac8 1/2-1/2

[Event "Bad Woerishofen op 19th"]
[Site "Bad Woerishofen"]
[Date "2003.03.19"]
[Round "7"]
[White "Santner, Thomas"]
[Black "Lindenmair, Anton"]
[Result "1/2-1/2"]
[WhiteElo "1969"]
[BlackElo "2132"]
[PlyCount "97"]
[EventDate "2003.03.13"]
[EventType "swiss"]
[EventRounds "9"]
[EventCountry "GER"]
[SourceTitle "CBM 093 Extra"]
[Source "ChessBase"]
[SourceDate "2003.05.09"]
[SourceVersion "1"]
[SourceVersionDate "2003.05.09"]
[SourceQuality "1"]

1. e4 e5 2. f4 Bc5 3. Nf3 d6 4. c3 Nc6 5. d4 exd4 6. cxd4 Bb4+ 7. Bd2 Bxd2+ 8. Qxd2 Nf6 9. Nc3 0-0 10. 0-0-0 d5 11. e5 Ne4 12. Nxe4 dxe4 13. d5 exf3 14. dxc6 Qe8 15. Qc3 Qxc6 16. Qxc6 bxc6 17. gxf3 Be6 18. b3 Bd5 19. Rd3 f6 20. Bg2 fxe5 21. fxe5 Rae8 22. Re3 Rf5 23. Rhe1 Rh5 24. h3 Rg5 25. R1e2 Re6 26. Kb2 Reg6 27. Bf1 Rg1 28. Rf2 R6g3 29. Kc3 Be6 30. Kd4 Bxh3 31. Bxh3 Rxh3 32. Rc3 Rd1+ 33. Ke4 Rh6 34. Rfc2 Re1+ 35. Kf5 Rh5+ 36. Kg4 Rhxe5 37. Rxc6 h5+ 38. Kg3 g5 39. Rxc7 h4+ 40. Kh3 R5e3 41. Rxa7 Rxf3+ 42. Kg4 Rg3+ 43. Kh5 Re8 44. Rcc7 h3 45. Rg7+ Kh8 46. Kg6 Re6+ 47. Kf7 Rge3 48. Rxg5 Kh7 49. Ra4 1/2-1/2